Williams and Hibbit v. Sandy Lane (Record no. 78273)

MARC details
000 -LEADER
fixed length control field 01492cab a2200217 4500
001 - CONTROL NUMBER
control field L136401
008 - FIXED-LENGTH DATA ELEMENTS--GENERAL INFORMATION
fixed length control field 070130n2006 000 0 eng u
035 ## - SYSTEM CONTROL NUMBER
System control number (Sirsi) u136401
041 0# - LANGUAGE CODE
Language code of text/sound track or separate title eng
245 00 - TITLE STATEMENT
Title Williams and Hibbit v. Sandy Lane
260 ## - PUBLICATION, DISTRIBUTION, ETC.
Date of publication, distribution, etc. 2006
490 00 - SERIES STATEMENT
Series statement Property Week
Volume/sequential designation 26 January 2007, 72(1)
520 ## - SUMMARY, ETC.
Summary, etc. [2006] EWCA Civ 1738, 15 December 2006. The appellants appealed against an order dismissing their claim for declarations that they were entitled to rights of way over neighbouring land in the ownership of the respondent company. They had lived in their house since 1975 and although they repositioned their back door and therefore did not use the track in question, the previous owners had used it themselves for more than 20 years. "Held": the appeal court reversed a decision by the lower court and said the claimants continued to hold rights of way over a development site bought by the defendant. It was decided that non-use did not mean that the claimant had forgone its right of way. The appeal court also confirmed that the claimant had won another right of way after using a second track with the owner's acquiescence for more than 20 years.
590 ## - LOCAL NOTE (RLIN)
Local note KA
650 24 - SUBJECT ADDED ENTRY--TOPICAL TERM
Topical term or geographic name entry element WILLIAMS AND HIBBIT V SANDY LANE
650 24 - SUBJECT ADDED ENTRY--TOPICAL TERM
Topical term or geographic name entry element PRESCRIPTION ACT 1832
651 #4 - SUBJECT ADDED ENTRY--GEOGRAPHIC NAME
Geographic name England
Chronological subdivision 886-
690 ## - LOCAL SUBJECT ADDED ENTRY--TOPICAL TERM (OCLC, RLIN)
Topical term or geographic name as entry element Boundary disputes
9 (RLIN) 6221
856 48 - ELECTRONIC LOCATION AND ACCESS
Uniform Resource Identifier <a href="https://www.bailii.org/ew/cases/EWCA/Civ/2006/1738.html">https://www.bailii.org/ew/cases/EWCA/Civ/2006/1738.html</a>
Public note View the judgment free of charge at www.bailii.org...
942 ## - ADDED ENTRY ELEMENTS (KOHA)
Suppress in OPAC 0
Holdings
Withdrawn status Lost status Source of classification or shelving scheme Damaged status Not for loan Home library Current library Shelving location Date acquired Total Checkouts Full call number Barcode Date last seen Copy number Price effective from Koha item type
    Dewey Decimal Classification     London London Journal article 30/01/2007   L136401 136401-1001 06/08/2019 1 06/08/2019 Law report